5HLuxD.jpg

KING HENRY VIII SENIOR AND PRIMARY SCHOOL LIBRARY OPAC

Exploring Ancient India / (Record no. 1496)

000 -LEADER
fixed length control field 01862cam a2200361 i 4500
001 - CONTROL NUMBER
control field 19338129
003 - CONTROL NUMBER IDENTIFIER
control field OSt
005 - DATE AND TIME OF LATEST TRANSACTION
control field 20221230161728.0
008 - FIXED-LENGTH DATA ELEMENTS--GENERAL INFORMATION
fixed length control field 161017s2018 mnuab j b 001 0 eng
010 ## - LIBRARY OF CONGRESS CONTROL NUMBER
LC control number 2016047640
020 ## - INTERNATIONAL STANDARD BOOK NUMBER
International Standard Book Number 9781632355294 (pbk. : alk. paper)
040 ## - CATALOGING SOURCE
Original cataloging agency DLC
Language of cataloging eng
Transcribing agency DLC
Description conventions rda
Modifying agency DLC
042 ## - AUTHENTICATION CODE
Authentication code pcc
043 ## - GEOGRAPHIC AREA CODE
Geographic area code a-ii---
082 00 - DEWEY DECIMAL CLASSIFICATION NUMBER
Classification number 934 JOH
Edition number 23
100 1# - MAIN ENTRY--PERSONAL NAME
Personal name Johnson, Anne E.,
Relator term author.
245 10 - TITLE STATEMENT
Title Exploring Ancient India /
Statement of responsibility, etc. By Anne E. Johnson.
264 #1 - PRODUCTION, PUBLICATION, DISTRIBUTION, MANUFACTURE, AND COPYRIGHT NOTICE
Place of production, publication, distribution, manufacture Mankato, MN :
Name of producer, publisher, distributor, manufacturer 12 Story Library,
Date of production, publication, distribution, manufacture, or copyright notice [2018]
300 ## - PHYSICAL DESCRIPTION
Extent 32 pages :
Other physical details illustrations, map ;
Dimensions 24 cm.
336 ## - CONTENT TYPE
Content type term text
Content type code txt
Source rdacontent
337 ## - MEDIA TYPE
Media type term unmediated
Media type code n
Source rdamedia
338 ## - CARRIER TYPE
Carrier type term volume
Carrier type code nc
Source rdacarrier
490 0# - SERIES STATEMENT
Series statement Exploring Ancient Civilizations
504 ## - BIBLIOGRAPHY, ETC. NOTE
Bibliography, etc. note Includes bibliographical references (page 31) and index.
505 0# - FORMATTED CONTENTS NOTE
Formatted contents note Settlements sprang up in Indus Valley -- The Indus people built amazing cities -- Ancient India was a center of trade -- Climate change and earthquakes threatened the Indus civilization -- Aryans invaded from Central Asia -- Sanskrit was the language of education -- Aryans used songs to tell stories -- Buddhism was practiced all over India -- The Hindu gods grew in popularity -- Ashoka founded the first all-India empire -- Invading kings fought over the Indian empire -- The Gupta empire ushered in a golden age.
651 #0 - SUBJECT ADDED ENTRY--GEOGRAPHIC NAME
Geographic name India
Form subdivision Juvenile literature.
651 #0 - SUBJECT ADDED ENTRY--GEOGRAPHIC NAME
Geographic name India
General subdivision Social life and customs
Form subdivision Juvenile literature.
651 #0 - SUBJECT ADDED ENTRY--GEOGRAPHIC NAME
Geographic name India
General subdivision Civilization
Form subdivision Juvenile literature.
776 08 - ADDITIONAL PHYSICAL FORM ENTRY
Relationship information Online version:
Main entry heading Johnson, Anne E., author.
Title Exploring Ancient India
Place, publisher, and date of publication Mankato, MN : 12 Story Library, 2018
International Standard Book Number 9781621435815
Record control number (DLC) 2016048018
906 ## - LOCAL DATA ELEMENT F, LDF (RLIN)
a 7
b cbc
c orignew
d 1
e ecip
f 20
g y-gencatlg
942 ## - ADDED ENTRY ELEMENTS (KOHA)
Source of classification or shelving scheme
Koha item type Books - Non Ficton
Holdings
Withdrawn status Lost status Source of classification or shelving scheme Damaged status Not for loan Collection code Permanent Location Current Location Shelving location Date acquired Total Checkouts Full call number Barcode Date last seen Date last checked out Price effective from Koha item type
          Non-Fiction KH8 Primary School Library KH8 Primary School Library Non Fiction 2022-12-30 1 934 JOH KHPL000003276 2025-12-05 2024-10-17 2022-12-30 Books - Non Ficton

Powered By KH8 IT Dept